000 00718nam a2200289Ia 4500
008 181129s9999 xx 000 0 und d
020 _a9780545332163
050 _bG456 2010
100 _aGiff, Patricia Reilly
245 0 _aNumber one kid /
245 0 _cby Ratricia Reilly Giff ; illustrated by Alasdair Bright.
260 _aNew York, NY :
260 _bScholastic,
260 _c2010
300 _a67 pages :
300 _billustrations ;
300 _c19cm.
440 _aZigzag kids ;
440 _v1
500 _a230L
650 _aBrothers and sisters.
650 _aSchools.
650 _aSelf-confidence.
700 _aBright, Alasdair.
700 _aSeries.
700 _aTitle.
999 _c360091
_d360091